10 Largest Cities Quiz Stats

 Plays Quiz not verified by Sporcle

Also try: Erase the USA
Challenge
Share
Tweet
Embed
Score 0/10 Timer 05:00
0 Plays Today
Population Answer % Correct
27,340Helena
97.8%
99,751Billings
96.7%
34,190Butte
85.6%
33,178Bozeman
85.6%
63,164 Missoula
84.4%
56,075Great Falls
82.2%
18,018Kalispell
72.2%
9,417Anaconda
50%
8,184Miles City
50%
9,379 Harve
11.1%

You're not logged in!

Compare scores with friends on all Sporcle quizzes.
Join for Free
OR
Log In

You Might Also Like...

Show Comments

Extras

Top Quizzes Today


Score Distribution

Your Account Isn't Verified!

In order to create a playlist on Sporcle, you need to verify the email address you used during registration. Go to your Sporcle Settings to finish the process.

Report this User

Report this user for behavior that violates our Community Guidelines.

Details: